000
00297nam a2200133Ia 4500
100
_a
Buguslavsky.
942
_c
BK
654
_a
Automatic lathes.
245
_a
Automatic & semi-Automatic lathes.
260
_b
Peace publishers.
_c
2001
082
_a
621.942
300
_a
454
546
_a
ENGLISH
999
_c
27744
_d
27744